| 000 | 01826nam0a2200361 4500 | ||
|---|---|---|---|
| 001 | RU\NLR\bibl\1190858 | ||
| 005 | 20260406055910.0 | ||
| 010 |
_a5-86544-008-X _9150000 |
||
| 021 |
_aRU _b2007-93564 _95050 |
||
| 035 | _a(NLR Aleph) 001177412 | ||
| 090 |
_a1635773 _c1635773 |
||
| 100 | _a20080220d1998 |||y0rusy50 ca | ||
| 101 | 0 | _arus | |
| 102 | _aRU | ||
| 105 | _ay ||||||||| | ||
| 200 | 1 | _aЖитие святой великомученицы Ирины (5/18 мая) | |
| 210 |
_aМосква _cСкиния _d1998 |
||
| 215 |
_a30, [1] c. _cил. _d19 |
||
| 300 | _aЗагл. обл.: Святая великомученица Ирина. Святая великомученица Татьяна | ||
| 423 | 0 |
_12001#$aЖитие святой мученицы Татьяны (12/25 января)$f[к сб. в целом: отв. ред. игум. Владимир Зорин] _1215##$aС. 25-30 _tЖитие святой мученицы Татьяны (12/25 января) |
|
| 512 | 1 | _aСвятая великомученица Ирина. Святая великомученица Татьяна | |
| 600 | 0 |
_aИрина Македонская _cсвятая _f1 в. _92408748 _3RU\NLR\auth\661435335 |
|
| 600 | 0 |
_aТатиана _cсвятая _f200 - ок. 225 _92063117 _3RU\NLR\auth\661237466 |
|
| 686 | _aЭ372.24-574.8 | ||
| 702 | 0 |
_4340 _7ca _8rus _aВладимир _cЗорин _cархимандрит _946157 _3RU\NLR\auth\7763227 |
|
| 702 | 0 |
_4570 _7ca _8rus _aИрина Македонская _cсвятая _f1 в. _947460 _3RU\NLR\auth\7764531 |
|
| 702 | 0 |
_4570 _7ca _8rus _aТатиана _cсвятая _f200-ок.225 _9119982 _3RU\NLR\AUTH\7710200 |
|
| 801 | 0 |
_aRU _bNLR _c20080220 _gRCR |
|
| 801 | 1 |
_aRU _bNLR _c20080220 |
|
| 942 | _cBOOK | ||
| 980 | _aNB | ||